Sukcese států Teoretická studie

Saved in:
Bibliographic Details
Main Author: Mikulka, Václav
Format: Book
Language:Czech
Published: Praha Academia 1987
Edition:1. vyd.
Series:Rozpravy ČSAV
Tags: Add Tag
No Tags, Be the first to tag this record!

MARC

LEADER 00000nam a2200000 4500
001 c040682
005 20240417120933.5
041 0 |a cze 
044 |a CZ 
245 1 0 |a Sukcese států  |b Teoretická studie  |c Václav Mikulka 
250 |a 1. vyd. 
264 1 |a Praha  |b Academia  |c 1987 
300 |a 94 s. 
490 1 |a Rozpravy ČSAV 
830 0 |a Rozpravy ČSAV 
100 1 |a Mikulka, Václav